000 00385nam a2200133Ia 4500
008 240112s1969-JULY-DEC.) xx 000 0 und d
041 _aeng
082 _a543.705
100 _aAPPLETON H.D.
245 _aCLINICAL CHEMISTRY :JOURNAL OF THE AMERICAN ASS.OF THE CLINICAL CHEMISTS
260 _bPAUL B.HARPER
_c1969-JULY-DEC.)
300 _a1248,HB
_c(7-12)
440 _v15
999 _c1140795
_d1140795